[Event "PMPJ 2022 - D15"]
[Site "Jastrzebia Gora"]
[Date "2022.11.07"]
[Round "3.8"]
[White "Kaczmarek, Paulina"]
[Black "Lach, Alicja"]
[Result "1-0"]
[BlackElo "1281"]
[WhiteElo "1331"]
[LiveChessVersion "1.4.8"]

1. e4 {[%clk 1:30:58]} c5 {[%clk 1:30:55]} 2. Nf3 {[%clk 1:31:19]} Nc6
{[%clk 1:31:20]} 3. d4 {[%clk 1:31:33]} cxd4 {[%clk 1:31:45]} 4. Nxd4
{[%clk 1:31:54]} g6 {[%clk 1:32:12]} 5. Nc3 {[%clk 1:31:56]} Bg7 {[%clk 1:32:38]}
6. Be3 {[%clk 1:32:09]} Nf6 {[%clk 1:33:04]} 7. f3 {[%clk 1:32:27]} O-O
{[%clk 1:33:14]} 8. Bc4 {[%clk 1:32:23]} d6 {[%clk 1:33:34]} 9. Qd2
{[%clk 1:32:44]} Bd7 {[%clk 1:34:00]} 10. O-O-O {[%clk 1:32:30]} Rc8
{[%clk 1:34:09]} 11. Bb3 {[%clk 1:32:53]} Ne5 {[%clk 1:34:04]} 12. g4
{[%clk 1:32:45]} Nc4 {[%clk 1:34:16]} 13. Bxc4 Rxc4 {[%clk 1:34:40]} 14. h4
{[%clk 1:27:16]} h5 {[%clk 1:34:13]} 15. g5 {[%clk 1:26:42]} Ne8 {[%clk 1:33:43]}
16. f4 {[%clk 1:25:08]} a6 {[%clk 1:29:56]} 17. Rdf1 {[%clk 1:23:41]} b5
{[%clk 1:28:17]} 18. f5 {[%clk 1:22:20]} Rc8 {[%clk 1:06:27]} 19. fxg6
{[%clk 1:20:32]} fxg6 {[%clk 1:06:39]} 20. Rxf8+ {[%clk 1:18:57]} Kxf8
{[%clk 1:06:08]} 21. Rf1+ {[%clk 1:18:26]} Kg8 {[%clk 1:06:33]} 22. Qf2
{[%clk 1:18:51]} Nc7 {[%clk 1:04:48]} 23. Qf7+ {[%clk 1:09:11]} Kh7
{[%clk 1:04:47]} 24. Nf5 {[%clk 0:56:53]} Bxf5 {[%clk 0:55:45]} 25. exf5
{[%clk 0:56:34]} Qf8 {[%clk 0:54:25]} 26. Qxg6+ {[%clk 0:55:36]} Kg8
{[%clk 0:52:49]} 27. f6 {[%clk 0:52:36]} Qf7 {[%clk 0:50:26]} 28. Qxg7+
{[%clk 0:52:42]} Qxg7 {[%clk 0:50:49]} 29. fxg7 {[%clk 0:53:05]} Kxg7
{[%clk 0:51:12]} 30. Kd2 {[%clk 0:51:50]} Ne6 {[%clk 0:51:00]} 31. b3
{[%clk 0:50:46]} Rd8 {[%clk 0:50:25]} 32. a4 {[%clk 0:49:29]} bxa4
{[%clk 0:50:50]} 33. Nxa4 {[%clk 0:49:53]} Kg6 {[%clk 0:50:47]} 34. Rf3
{[%clk 0:46:58]} Ng7 {[%clk 0:50:10]} 35. Bf2 {[%clk 0:45:45]} e5
{[%clk 0:50:15]} 36. Rf6+ {[%clk 0:45:25]} 1-0

[Event "PMPJ 2022 - D15"]
[Site "Jastrzebia Gora"]
[Date "2022.11.07"]
[Round "3.9"]
[White "Dura, Anna"]
[Black "Racis, Dominika"]
[Result "0-1"]
[BlackElo "1248"]
[WhiteElo "1190"]
[LiveChessVersion "1.4.8"]

1. c4 {[%clk 1:30:58]} Nf6 {[%clk 1:30:55]} 2. Nc3 {[%clk 1:31:21]} e6
{[%clk 1:31:15]} 3. d4 {[%clk 1:31:28]} Bb4 {[%clk 1:31:12]} 4. e3
{[%clk 1:30:39]} d5 {[%clk 1:30:36]} 5. Nf3 {[%clk 1:28:59]} Nbd7
{[%clk 1:29:09]} 6. Qb3 {[%clk 1:27:55]} Bxc3+ {[%clk 1:23:42]} 7. bxc3
{[%clk 1:28:10]} O-O {[%clk 1:21:59]} 8. cxd5 {[%clk 1:25:10]} exd5
{[%clk 1:21:30]} 9. c4 {[%clk 1:23:33]} c6 {[%clk 1:17:25]} 10. Bd3
{[%clk 1:20:25]} Re8 {[%clk 1:12:38]} 11. O-O {[%clk 1:19:40]} Qc7
{[%clk 0:58:58]} 12. Qc2 {[%clk 1:17:46]} Nf8 {[%clk 0:49:55]} 13. Ba3
{[%clk 1:10:28]} Ng6 {[%clk 0:46:56]} 14. Rac1 {[%clk 0:59:57]} Qd7
{[%clk 0:34:46]} 15. cxd5 {[%clk 0:53:31]} Nxd5 {[%clk 0:33:13]} 16. Qc5
{[%clk 0:49:48]} Rd8 {[%clk 0:27:35]} 17. Rfd1 {[%clk 0:43:25]} Qe8
{[%clk 0:21:37]} 18. Re1 {[%clk 0:36:24]} Qe6 {[%clk 0:16:26]} 19. e4
{[%clk 0:32:45]} Ndf4 {[%clk 0:15:48]} 20. Bc4 {[%clk 0:32:41]} Qg4
{[%clk 0:13:52]} 21. Qg5 {[%clk 0:32:19]} Nh3+ {[%clk 0:13:11]} 22. Kf1
{[%clk 0:31:45]} Nxg5 {[%clk 0:13:30]} 23. Nxg5 {[%clk 0:31:56]} Qxg5
{[%clk 0:13:45]} 24. d5 {[%clk 0:31:10]} Nf4 {[%clk 0:13:31]} 25. g3
{[%clk 0:31:05]} Bh3+ {[%clk 0:13:53]} 26. Kg1 {[%clk 0:31:12]} cxd5
{[%clk 0:13:08]} 27. exd5 {[%clk 0:31:11]} Nxd5 {[%clk 0:12:59]} 28. Rcd1
{[%clk 0:30:50]} h6 {[%clk 0:12:28]} 29. Rd3 {[%clk 0:29:49]} Nf6
{[%clk 0:10:36]} 0-1

[Event "PMPJ 2022 - D15"]
[Site "Jastrzebia Gora"]
[Date "2022.11.08"]
[Round "4.1"]
[White "Pniewska, Beata"]
[Black "Nowak, Zuzanna"]
[Result "0-1"]
[BlackElo "1354"]
[WhiteElo "1353"]
[LiveChessVersion "1.4.8"]

1. c4 {[%clk 1:30:57]} e5 {[%clk 1:30:50]} 2. g3 {[%clk 1:31:11]} d6
{[%clk 1:31:13]} 3. Bg2 {[%clk 1:30:42]} Nc6 {[%clk 1:31:34]} 4. Nc3
{[%clk 1:29:01]} Be6 {[%clk 1:31:56]} 5. b3 {[%clk 1:26:05]} Qd7 {[%clk 1:30:24]}
6. e3 {[%clk 1:24:44]} g6 {[%clk 1:25:53]} 7. Nge2 {[%clk 1:23:26]} Bh3
{[%clk 1:25:51]} 8. O-O {[%clk 1:17:36]} Bxg2 {[%clk 1:26:13]} 9. Kxg2
{[%clk 1:17:56]} Bg7 {[%clk 1:26:30]} 10. d4 {[%clk 1:16:24]} exd4
{[%clk 1:26:04]} 11. Nxd4 {[%clk 1:15:46]} Nge7 {[%clk 1:23:34]} 12. Bb2
{[%clk 1:12:31]} h5 {[%clk 1:21:28]} 13. Nf3 {[%clk 1:10:15]} h4 {[%clk 1:18:36]}
14. Rh1 {[%clk 1:05:42]} hxg3 {[%clk 1:16:27]} 15. hxg3 {[%clk 1:05:01]} O-O-O
{[%clk 1:16:05]} 16. Qd2 {[%clk 1:03:39]} Qg4 {[%clk 1:12:04]} 17. Nd5
{[%clk 1:02:34]} Be5 {[%clk 1:03:13]} 18. Bxe5 {[%clk 0:44:35]} dxe5
{[%clk 1:03:33]} 19. Nxe7+ {[%clk 0:40:18]} Nxe7 {[%clk 1:03:51]} 20. Qe2
{[%clk 0:37:54]} f5 {[%clk 0:59:59]} 21. Qb2 {[%clk 0:35:21]} Nc6
{[%clk 0:52:25]} 22. Nxe5 {[%clk 0:34:53]} Qe4+ {[%clk 0:52:52]} 23. Nf3
{[%clk 0:35:14]} Rxh1 {[%clk 0:52:36]} 24. Rxh1 {[%clk 0:35:36]} g5
{[%clk 0:52:49]} 25. Rh8 {[%clk 0:31:52]} g4 {[%clk 0:52:06]} 26. Rxd8+
{[%clk 0:32:05]} Nxd8 {[%clk 0:52:15]} 27. Qe2 {[%clk 0:31:45]} Nc6
{[%clk 0:50:50]} 28. Kh2 {[%clk 0:30:53]} gxf3 {[%clk 0:50:55]} 29. Qf1
{[%clk 0:30:21]} Ne5 {[%clk 0:50:47]} 30. c5 {[%clk 0:29:53]} Ng4+
{[%clk 0:50:46]} 31. Kg1 {[%clk 0:30:06]} Qe5 {[%clk 0:49:23]} 32. Qd1
{[%clk 0:29:31]} Qe4 {[%clk 0:46:43]} 33. Qa1 {[%clk 0:29:34]} b6
{[%clk 0:43:53]} 34. cxb6 {[%clk 0:29:29]} axb6 {[%clk 0:44:16]} 35. a3
{[%clk 0:28:27]} f4 {[%clk 0:42:14]} 36. exf4 {[%clk 0:27:31]} Qh7
{[%clk 0:42:22]} 0-1

[Event "PMPJ 2022 - D15"]
[Site "Jastrzebia Gora"]
[Date "2022.11.08"]
[Round "4.2"]
[White "Makarec, Anna"]
[Black "Sliwicka, Weronika"]
[Result "1-0"]
[BlackElo "1265"]
[WhiteElo "1316"]
[LiveChessVersion "1.4.8"]

1. e4 {[%clk 1:30:58]} c5 {[%clk 1:30:57]} 2. Nc3 {[%clk 1:31:14]} e6
{[%clk 1:31:21]} 3. g3 {[%clk 1:31:38]} g6 {[%clk 1:31:15]} 4. Bg2
{[%clk 1:31:55]} Bg7 {[%clk 1:31:30]} 5. Nge2 {[%clk 1:32:05]} Nc6
{[%clk 1:31:45]} 6. O-O {[%clk 1:32:11]} Rb8 {[%clk 1:31:49]} 7. d3
{[%clk 1:30:18]} d6 {[%clk 1:31:31]} 8. f4 {[%clk 1:29:18]} Nge7 {[%clk 1:28:45]}
9. Be3 {[%clk 1:28:42]} f5 {[%clk 1:28:05]} 10. exf5 {[%clk 1:26:16]} Nxf5
{[%clk 1:28:04]} 11. Bf2 {[%clk 1:26:35]} O-O {[%clk 1:25:02]} 12. Rb1
{[%clk 1:25:44]} Ncd4 {[%clk 1:21:28]} 13. Ne4 {[%clk 1:24:49]} b6
{[%clk 1:12:11]} 14. c3 {[%clk 1:23:49]} Nxe2+ {[%clk 1:12:12]} 15. Qxe2
{[%clk 1:24:08]} d5 {[%clk 1:07:30]} 16. Ng5 {[%clk 1:22:30]} Re8
{[%clk 0:59:02]} 17. g4 {[%clk 1:21:55]} h6 {[%clk 0:53:13]} 18. Nf3
{[%clk 1:21:42]} Nd6 {[%clk 0:52:33]} 19. Bh4 {[%clk 1:16:16]} Bf6
{[%clk 0:52:26]} 20. Bxf6 {[%clk 1:15:29]} Qxf6 {[%clk 0:52:48]} 21. Ne5
{[%clk 1:15:06]} b5 {[%clk 0:42:06]} 22. Qe3 {[%clk 1:02:11]} Nb7
{[%clk 0:35:43]} 23. Nc6 {[%clk 1:00:37]} Ra8 {[%clk 0:34:53]} 24. Bxd5
{[%clk 1:00:10]} Bd7 {[%clk 0:20:47]} 25. Be4 {[%clk 1:00:06]} Nd6
{[%clk 0:15:52]} 26. Ne5 {[%clk 0:59:57]} Nxe4 {[%clk 0:12:18]} 27. Nxd7
{[%clk 0:57:44]} Qe7 {[%clk 0:11:48]} 28. Qxe4 {[%clk 0:57:49]} Qxd7
{[%clk 0:12:13]} 29. Qxg6+ {[%clk 0:58:07]} Qg7 {[%clk 0:12:39]} 30. Qxg7+
{[%clk 0:58:19]} Kxg7 {[%clk 0:13:05]} 31. Rbe1 {[%clk 0:58:08]} Rad8
{[%clk 0:12:29]} 32. Rf3 {[%clk 0:58:27]} Kf6 {[%clk 0:12:32]} 33. Re5
{[%clk 0:58:42]} Rd5 {[%clk 0:12:47]} 34. Rfe3 {[%clk 0:58:41]} Red8
{[%clk 0:11:51]} 35. Rxe6+ {[%clk 0:56:57]} Kg7 {[%clk 0:12:05]} 36. Re7+
{[%clk 0:55:01]} Kf8 {[%clk 0:11:49]} 37. R7e5 {[%clk 0:53:51]} Rxd3
{[%clk 0:10:56]} 38. Rxd3 {[%clk 0:54:08]} Rxd3 {[%clk 0:11:21]} 39. Kf2
{[%clk 0:52:39]} Rd2+ {[%clk 0:10:27]} 40. Re2 {[%clk 0:53:00]} Rd5
{[%clk 0:09:40]} 41. Ke3 {[%clk 0:52:36]} Kf7 {[%clk 0:09:53]} 42. Ke4
{[%clk 0:52:54]} Rd6 {[%clk 0:10:01]} 43. f5 {[%clk 0:53:02]} b4 {[%clk 0:09:00]}
44. cxb4 {[%clk 0:51:53]} Rd4+ {[%clk 0:09:18]} 45. Kf3 {[%clk 0:52:09]} Rxb4
{[%clk 0:09:41]} 46. Rc2 {[%clk 0:50:57]} c4 {[%clk 0:09:34]} 47. a3
{[%clk 0:51:10]} Ra4 {[%clk 0:09:35]} 48. Rc3 {[%clk 0:51:15]} Kf6
{[%clk 0:09:55]} 49. Kf4 {[%clk 0:51:31]} Kf7 {[%clk 0:09:22]} 50. Ke4
{[%clk 0:51:49]} Kf6 {[%clk 0:09:40]} 51. h4 {[%clk 0:52:11]} Kf7
{[%clk 0:08:15]} 52. Kd4 {[%clk 0:52:24]} h5 {[%clk 0:08:29]} 53. g5
{[%clk 0:52:27]} Ra5 {[%clk 0:08:46]} 54. Rf3 {[%clk 0:52:28]} Ra4
{[%clk 0:08:58]} 55. Kc3 {[%clk 0:52:42]} Kg7 {[%clk 0:08:14]} 56. Rf4
{[%clk 0:52:53]} Ra5 {[%clk 0:08:20]} 57. f6+ {[%clk 0:53:10]} Kf7
{[%clk 0:08:29]} 58. Rxc4 {[%clk 0:53:25]} Rf5 {[%clk 0:08:36]} 59. Kb3
{[%clk 0:52:46]} Rb5+ {[%clk 0:08:37]} 60. Rb4 {[%clk 0:52:57]} Rf5
{[%clk 0:08:57]} 61. Rb7+ {[%clk 0:53:08]} Kg6 {[%clk 0:09:18]} 62. Rg7#
{[%clk 0:53:21]} 1-0

[Event "PMPJ 2022 - D15"]
[Site "Jastrzebia Gora"]
[Date "2022.11.08"]
[Round "4.3"]
[White "Domeradzka, Karolina"]
[Black "Bauer, Maja"]
[Result "0-1"]
[BlackElo "1300"]
[WhiteElo "1123"]
[LiveChessVersion "1.4.8"]

1. d4 {[%clk 1:30:57]} d5 {[%clk 1:30:50]} 2. c4 {[%clk 1:31:25]} e6
{[%clk 1:31:03]} 3. Nc3 {[%clk 1:31:51]} Nf6 {[%clk 1:31:06]} 4. Bg5
{[%clk 1:32:00]} Be7 {[%clk 1:30:26]} 5. e3 {[%clk 1:32:21]} O-O {[%clk 1:29:39]}
6. Bd3 {[%clk 1:32:29]} b6 {[%clk 1:28:22]} 7. cxd5 {[%clk 1:29:28]} exd5
{[%clk 1:20:48]} 8. Nge2 {[%clk 1:29:40]} Bb7 {[%clk 1:18:02]} 9. O-O
{[%clk 1:29:46]} Nbd7 {[%clk 1:10:50]} 10. Rc1 {[%clk 1:19:08]} a6
{[%clk 0:49:34]} 11. f4 {[%clk 0:50:18]} Ng4 {[%clk 0:44:39]} 12. Rf3
{[%clk 0:46:38]} h6 {[%clk 0:31:57]} 13. Bxe7 {[%clk 0:45:25]} Qxe7
{[%clk 0:32:14]} 14. Qd2 {[%clk 0:45:51]} Rfe8 {[%clk 0:30:56]} 15. Nd1
{[%clk 0:46:18]} c5 {[%clk 0:28:45]} 16. h3 {[%clk 0:46:35]} Ngf6
{[%clk 0:27:39]} 17. Nf2 {[%clk 0:42:25]} Ne4 {[%clk 0:24:44]} 18. Bxe4
{[%clk 0:42:06]} dxe4 {[%clk 0:25:06]} 19. Rg3 {[%clk 0:42:06]} Nf6
{[%clk 0:24:29]} 20. h4 {[%clk 0:37:47]} Bc8 {[%clk 0:23:33]} 21. Nh1
{[%clk 0:30:40]} Nh5 {[%clk 0:23:15]} 22. Qe1 {[%clk 0:30:49]} Nxg3
{[%clk 0:20:29]} 23. Qxg3 {[%clk 0:31:00]} Be6 {[%clk 0:19:42]} 24. a3
{[%clk 0:30:19]} Rac8 {[%clk 0:19:00]} 25. dxc5 {[%clk 0:30:10]} Rxc5
{[%clk 0:19:00]} 26. Nc3 {[%clk 0:30:24]} Rd8 {[%clk 0:17:33]} 27. Rc2
{[%clk 0:28:01]} Bb3 {[%clk 0:16:34]} 28. Re2 {[%clk 0:27:00]} Rd6
{[%clk 0:15:41]} 29. Nf2 {[%clk 0:25:56]} f5 {[%clk 0:15:23]} 30. Nh3
{[%clk 0:24:01]} Qd7 {[%clk 0:15:11]} 31. Qf2 {[%clk 0:24:24]} Bd1
{[%clk 0:14:35]} 32. Re1 {[%clk 0:24:09]} Bg4 {[%clk 0:14:22]} 33. Kh2
{[%clk 0:23:26]} Rd2 {[%clk 0:14:03]} 34. Qf1 {[%clk 0:23:35]} Rxb2
{[%clk 0:13:51]} 35. Nd1 {[%clk 0:22:50]} Rb1 {[%clk 0:11:15]} 36. Ndf2
{[%clk 0:22:32]} Rxe1 {[%clk 0:11:34]} 37. Qxe1 {[%clk 0:22:59]} Bxh3
{[%clk 0:11:41]} 38. Kxh3 {[%clk 0:23:09]} Ra5 {[%clk 0:11:49]} 39. Qc3
{[%clk 0:22:14]} Qd6 {[%clk 0:11:38]} 40. Nh1 {[%clk 0:21:57]} Qxa3
{[%clk 0:11:11]} 41. Qc8+ {[%clk 0:21:44]} Kh7 {[%clk 0:11:08]} 42. h5
{[%clk 0:20:05]} Qxe3+ {[%clk 0:10:33]} 43. g3 {[%clk 0:19:21]} Qg1
{[%clk 0:08:58]} 44. g4 {[%clk 0:16:33]} Qxg4+ {[%clk 0:08:53]} 0-1

[Event "PMPJ 2022 - D15"]
[Site "Jastrzebia Gora"]
[Date "2022.11.08"]
[Round "4.4"]
[White "Zgoda, Aleksandra"]
[Black "Krzysztynska, Maria"]
[Result "0-1"]
[BlackElo "1128"]
[WhiteElo "1277"]
[LiveChessVersion "1.4.8"]

1. d4 {[%clk 1:30:54]} c5 {[%clk 1:29:14]} 2. d5 {[%clk 1:30:46]} e5
{[%clk 1:28:50]} 3. e4 {[%clk 1:29:27]} d6 {[%clk 1:28:10]} 4. Nc3
{[%clk 1:27:56]} Ne7 {[%clk 1:25:56]} 5. f4 {[%clk 1:22:15]} Nd7 {[%clk 1:14:39]}
6. Nf3 {[%clk 1:18:36]} Ng6 {[%clk 1:03:42]} 7. f5 {[%clk 1:15:33]} Nh4
{[%clk 0:59:57]} 8. Ng5 {[%clk 1:05:05]} Nf6 {[%clk 0:50:51]} 9. g3
{[%clk 0:59:09]} Nxf5 10. Bb5+ {[%clk 0:56:26]} Ke7 {[%clk 0:47:29]} 11. exf5
{[%clk 0:54:29]} Bxf5 {[%clk 0:47:48]} 12. Rf1 {[%clk 0:51:12]} Qc8
{[%clk 0:42:00]} 13. Bd3 {[%clk 0:42:24]} Bg4 {[%clk 0:39:15]} 14. Be2
{[%clk 0:38:21]} Bf5 {[%clk 0:37:35]} 15. Be3 {[%clk 0:33:53]} h6
{[%clk 0:35:43]} 16. Nf3 {[%clk 0:27:43]} Bh3 {[%clk 0:28:25]} 17. Rh1
{[%clk 0:20:31]} Qf5 {[%clk 0:25:40]} 18. Nh4 {[%clk 0:18:56]} Qd7
{[%clk 0:25:21]} 19. Bb5 {[%clk 0:17:43]} Qc8 {[%clk 0:24:39]} 20. Bf1
{[%clk 0:16:29]} Bg4 {[%clk 0:23:12]} 21. Be2 {[%clk 0:15:40]} Bh3
{[%clk 0:19:57]} 22. Qd2 {[%clk 0:14:47]} g5 {[%clk 0:19:34]} 23. Nf3
{[%clk 0:08:44]} e4 {[%clk 0:19:42]} 24. Nxg5 {[%clk 0:05:21]} hxg5
{[%clk 0:19:05]} 25. Bxg5 {[%clk 0:05:49]} Qf5 {[%clk 0:18:09]} 26. Bxf6+
{[%clk 0:05:56]} Qxf6 {[%clk 0:15:39]} 27. Bf1 {[%clk 0:04:01]} Bg4
{[%clk 0:13:59]} 28. Bg2 {[%clk 0:03:59]} Bh6 {[%clk 0:11:44]} 29. Qf2
{[%clk 0:04:10]} Qe5 {[%clk 0:08:55]} 30. h3 {[%clk 0:03:28]} e3 {[%clk 0:07:09]}
31. Qf1 {[%clk 0:03:28]} Qxg3+ {[%clk 0:07:25]} 0-1

[Event "PMPJ 2022 - D15"]
[Site "Jastrzebia Gora"]
[Date "2022.11.08"]
[Round "4.5"]
[White "Gajec, Roza"]
[Black "Butkiewicz, Hanna"]
[Result "1-0"]
[BlackElo "1117"]
[WhiteElo "1357"]
[LiveChessVersion "1.4.8"]

1. e4 {[%clk 1:30:58]} e5 {[%clk 1:30:55]} 2. Nf3 {[%clk 1:31:25]} Nf6
{[%clk 1:31:17]} 3. Nc3 {[%clk 1:31:45]} Nc6 {[%clk 1:31:29]} 4. a3
{[%clk 1:32:07]} Bc5 {[%clk 1:31:47]} 5. Nxe5 {[%clk 1:32:20]} Bxf2+
{[%clk 1:31:50]} 6. Kxf2 {[%clk 1:32:10]} Nxe5 {[%clk 1:32:13]} 7. Be2
{[%clk 1:32:08]} d6 {[%clk 1:32:33]} 8. h3 {[%clk 1:32:14]} Bd7 {[%clk 1:31:58]}
9. d4 {[%clk 1:32:27]} Ng6 {[%clk 1:32:17]} 10. Rf1 {[%clk 1:31:55]} Qe7
{[%clk 1:32:35]} 11. Qd3 {[%clk 1:31:07]} O-O {[%clk 1:29:15]} 12. Kg1
{[%clk 1:30:45]} Rfe8 {[%clk 1:29:24]} 13. Bg5 {[%clk 1:30:19]} Qe6
{[%clk 1:26:40]} 14. Bxf6 {[%clk 1:30:08]} gxf6 {[%clk 1:26:22]} 15. Bg4
{[%clk 1:25:06]} Qe7 {[%clk 1:25:44]} 16. Nd5 {[%clk 1:25:07]} Qd8
{[%clk 1:25:17]} 17. Nxf6+ {[%clk 1:24:58]} Kh8 {[%clk 1:25:07]} 18. Bxd7
{[%clk 1:21:36]} Re7 {[%clk 1:22:57]} 19. Bf5 {[%clk 1:21:02]} c6
{[%clk 1:19:35]} 20. Bxg6 {[%clk 1:20:52]} fxg6 {[%clk 1:19:40]} 21. Kh1
{[%clk 1:19:37]} Qc7 {[%clk 1:18:03]} 22. d5 {[%clk 1:18:59]} Rd8
{[%clk 1:14:26]} 23. Ng4 {[%clk 1:17:30]} h5 {[%clk 1:08:32]} 24. Qd4+
{[%clk 1:13:07]} Kh7 {[%clk 1:08:00]} 25. Nf6+ {[%clk 1:12:08]} Kh6
{[%clk 1:07:46]} 26. Qe3+ {[%clk 1:12:26]} Kg7 {[%clk 1:07:38]} 27. Qg5
{[%clk 1:12:12]} Re5 {[%clk 1:06:44]} 28. Nxh5+ {[%clk 1:10:13]} Kh7
{[%clk 1:06:57]} 29. Nf6+ {[%clk 1:10:19]} Kg7 {[%clk 1:06:38]} 30. Qf4
{[%clk 1:09:34]} cxd5 {[%clk 1:05:44]} 31. Nxd5 {[%clk 1:06:40]} Qc8
{[%clk 1:04:31]} 32. Qf6+ {[%clk 1:04:25]} Kh6 {[%clk 1:01:13]} 33. Ne7
{[%clk 1:02:28]} Rxe7 {[%clk 0:59:50]} 34. Qxe7 {[%clk 1:02:49]} Rh8
{[%clk 0:59:46]} 35. Rf7 {[%clk 1:01:34]} Qc5 {[%clk 0:58:56]} 36. Qh4+
{[%clk 0:59:59]} Qh5 {[%clk 0:59:12]} 37. Qxh5+ {[%clk 0:58:35]} gxh5
{[%clk 0:59:30]} 38. Rxb7 {[%clk 0:58:51]} 1-0

[Event "PMPJ 2022 - D15"]
[Site "Jastrzebia Gora"]
[Date "2022.11.08"]
[Round "4.6"]
[White "Michalska, Anna-maria"]
[Black "Kaczmarek, Paulina"]
[Result "1/2-1/2"]
[BlackElo "1331"]
[WhiteElo "1288"]
[LiveChessVersion "1.4.8"]

1. e4 {[%clk 1:30:58]} c5 {[%clk 1:30:46]} 2. c4 {[%clk 1:31:23]} Nc6
{[%clk 1:29:08]} 3. Nc3 {[%clk 1:31:48]} e5 {[%clk 1:28:37]} 4. g3
{[%clk 1:32:12]} Nf6 {[%clk 1:28:08]} 5. Bg2 {[%clk 1:32:17]} Be7
{[%clk 1:27:35]} 6. Nge2 {[%clk 1:32:33]} d6 {[%clk 1:27:32]} 7. O-O
{[%clk 1:31:23]} O-O {[%clk 1:26:45]} 8. d3 {[%clk 1:31:33]} Be6 {[%clk 1:25:40]}
9. f4 {[%clk 1:29:07]} exf4 {[%clk 1:23:57]} 10. Nxf4 {[%clk 1:27:00]} Qd7
{[%clk 1:17:16]} 11. h3 {[%clk 1:20:27]} Ne8 {[%clk 1:14:32]} 12. Nxe6
{[%clk 1:12:12]} fxe6 {[%clk 1:14:12]} 13. Rxf8+ {[%clk 1:12:10]} Bxf8
{[%clk 1:13:47]} 14. Be3 {[%clk 1:10:37]} Nc7 {[%clk 1:13:26]} 15. Qe2
{[%clk 1:08:05]} g6 {[%clk 1:13:30]} 16. Rf1 {[%clk 1:06:26]} Bg7
{[%clk 1:13:17]} 17. Qd2 {[%clk 1:02:19]} Rf8 {[%clk 1:13:16]} 18. Rxf8+
{[%clk 1:01:17]} Kxf8 {[%clk 1:13:35]} 19. Kh2 {[%clk 0:58:46]} Ne5
{[%clk 1:08:45]} 20. a3 {[%clk 0:57:05]} Qf7 {[%clk 1:07:14]} 21. b4
{[%clk 0:55:39]} b6 {[%clk 1:04:55]} 22. Bh6 {[%clk 0:50:12]} Bxh6
{[%clk 0:49:58]} 23. Qxh6+ {[%clk 0:50:35]} Ke8 {[%clk 0:49:50]} 24. Qe3
{[%clk 0:50:05]} Nc6 {[%clk 0:48:17]} 25. bxc5 {[%clk 0:45:15]} bxc5
{[%clk 0:41:57]} 26. Nb5 {[%clk 0:44:08]} Nxb5 {[%clk 0:39:42]} 27. cxb5
{[%clk 0:44:31]} Ne5 {[%clk 0:38:13]} 28. a4 {[%clk 0:42:19]} Qc7
{[%clk 0:35:27]} 29. d4 cxd4 {[%clk 0:34:37]} 30. Qxd4 {[%clk 0:35:58]} Qb6
{[%clk 0:34:15]} 31. Qc3 {[%clk 0:30:57]} Kd7 {[%clk 0:33:10]} 32. Qd2
{[%clk 0:29:04]} a6 {[%clk 0:28:26]} 33. Qh6 {[%clk 0:25:49]} axb5
{[%clk 0:28:12]} 34. Qxh7+ {[%clk 0:26:02]} Kc6 {[%clk 0:28:38]} 35. axb5+
{[%clk 0:25:19]} Qxb5 {[%clk 0:28:11]} 36. Qg8 {[%clk 0:24:58]} Qc4
{[%clk 0:24:17]} 37. Qc8+ {[%clk 0:23:58]} 1/2-1/2

[Event "PMPJ 2022 - D15"]
[Site "Jastrzebia Gora"]
[Date "2022.11.08"]
[Round "4.7"]
[White "Racis, Dominika"]
[Black "Idzior, Izabela"]
[Result "0-1"]
[BlackElo "1172"]
[WhiteElo "1248"]
[LiveChessVersion "1.4.8"]

1. Nf3 d5 2. d4 e6 3. c4 Nf6 4. Bg5 {[%clk 1:31:32]} Be7 5. e3 O-O 6. Bd3 Nbd7 7.
O-O b6 {[%clk 1:24:45]} 8. Nbd2 c5 9. Qc2 h6 10. Bxf6 Nxf6 11. Nb3 cxd4 12. Nbxd4
{[%clk 1:01:40]} Bb7 13. Rac1 dxc4 14. Bxc4 Ne4 15. Bxe6 fxe6 16. Nxe6 Qd6 17.
Nxf8 Rxf8 18. Rfd1 Qf6 19. Rd4 Ng5 20. Nxg5 Qxg5 21. Qc4+ Kh8 22. Rg4 Bd5 23. Qa4
Qf6 {[%clk 0:19:20]} 24. Rc2 Bd6 25. Rd4 Qe5 26. Rh4 Be7 27. Rh3 Be6 28. f4 Qd5
29. Rg3 Qd1+ 30. Kf2 Bh4 31. Qc6 Bxg3+ 32. hxg3 Rc8 33. Qxc8+ Bxc8 34. Rxc8+ Kh7
35. Rc7 Qd2+ 36. Kf3 Qxb2 37. Rxa7 Kg6 38. a4 Qb1 39. a5 Qf1+ 40. Ke4 Qxg2+ 41.
Ke5 Qb2+ 42. Ke6 bxa5 43. f5+ Kh5 44. Rd7 Qf6+ 45. Kd5 Qxf5+ 46. Kc6 Qc2+ 47. Kd6
Qd3+ 48. Kc6 Qxe3 49. g4+ Kxg4 50. Rxg7+ Kf5 51. Rf7+ Ke6 52. Rb7 Qc3+ 53. Kb5
Qb4+ 54. Ka6 Qxb7+ 0-1

[Event "PMPJ 2022 - D15"]
[Site "Jastrzebia Gora"]
[Date "2022.11.08"]
[Round "4.8"]
[White "Para, Aleksandra"]
[Black "Danek, Wiktoria"]
[Result "1-0"]
[BlackElo "1132"]
[WhiteElo "1204"]
[LiveChessVersion "1.4.8"]

1. d4 {[%clk 1:30:59]} d5 {[%clk 1:30:56]} 2. Bf4 {[%clk 1:31:06]} Bf5
{[%clk 1:31:15]} 3. e3 {[%clk 1:31:28]} e6 {[%clk 1:31:27]} 4. Nf3
{[%clk 1:31:51]} Nf6 {[%clk 1:31:29]} 5. Nbd2 {[%clk 1:32:10]} Be7
{[%clk 1:31:25]} 6. Be2 {[%clk 1:32:25]} O-O {[%clk 1:31:11]} 7. Ne5
{[%clk 1:31:21]} Nbd7 {[%clk 1:30:25]} 8. Ndf3 {[%clk 1:22:50]} Ne4
{[%clk 1:25:15]} 9. h3 {[%clk 1:18:21]} Nxe5 {[%clk 1:11:16]} 10. dxe5
{[%clk 1:14:41]} c5 {[%clk 1:01:23]} 11. c3 {[%clk 1:10:33]} c4 {[%clk 1:00:32]}
12. O-O {[%clk 1:10:04]} Qb6 {[%clk 0:57:57]} 13. Qc1 {[%clk 1:05:56]} Nc5
{[%clk 0:54:42]} 14. Nd4 {[%clk 1:00:44]} Bg6 {[%clk 0:50:25]} 15. Rd1
{[%clk 0:54:02]} Rfc8 {[%clk 0:47:01]} 16. Bg3 {[%clk 0:42:48]} Na4
{[%clk 0:42:50]} 17. Rd2 {[%clk 0:41:15]} Nc5 {[%clk 0:41:40]} 18. Rd1
{[%clk 0:35:58]} Ne4 {[%clk 0:38:35]} 19. Bf4 {[%clk 0:33:20]} a6
{[%clk 0:27:25]} 20. Bf3 {[%clk 0:29:46]} Nc5 {[%clk 0:27:21]} 21. Be2
{[%clk 0:29:03]} Bd3 {[%clk 0:21:13]} 22. Rd2 {[%clk 0:24:12]} Bh4
{[%clk 0:17:16]} 23. Bxd3 {[%clk 0:16:57]} Nxd3 {[%clk 0:17:38]} 24. Qc2
{[%clk 0:16:51]} Nxf4 {[%clk 0:14:22]} 25. exf4 {[%clk 0:17:17]} Be7
{[%clk 0:14:14]} 26. Qd1 {[%clk 0:16:24]} Qc5 {[%clk 0:13:07]} 27. Qg4
{[%clk 0:13:36]} g6 {[%clk 0:10:08]} 28. f5 {[%clk 0:11:04]} exf5
{[%clk 0:08:04]} 29. Nxf5 {[%clk 0:10:43]} Bf8 {[%clk 0:07:53]} 30. Nd4
{[%clk 0:10:28]} Bg7 {[%clk 0:05:05]} 31. Re1 {[%clk 0:08:42]} Re8
{[%clk 0:04:29]} 32. Rde2 {[%clk 0:08:46]} Rad8 {[%clk 0:03:20]} 33. Qf3
{[%clk 0:08:13]} Qc7 {[%clk 0:03:18]} 34. Qg3 {[%clk 0:07:27]} Qe7
{[%clk 0:02:39]} 35. f4 {[%clk 0:07:13]} Qc7 {[%clk 0:02:13]} 36. f5
{[%clk 0:05:53]} Bf8 {[%clk 0:02:26]} 37. f6 {[%clk 0:05:35]} Kh8
{[%clk 0:01:37]} 38. Qf3 {[%clk 0:05:27]} a5 {[%clk 0:01:35]} 39. e6
{[%clk 0:03:52]} Bc5 {[%clk 0:00:56]} 40. e7 {[%clk 0:03:02]} Bxd4+
{[%clk 0:01:10]} 41. cxd4 {[%clk 0:03:23]} Rd6 {[%clk 0:00:48]} 42. Rf1
{[%clk 0:03:12]} Qd7 {[%clk 0:01:08]} 43. Qf4 {[%clk 0:03:15]} Re6
{[%clk 0:01:19]} 44. Rfe1 {[%clk 0:01:23]} Rxe2 {[%clk 0:01:26]} 45. Rxe2
{[%clk 0:01:52]} Qc6 {[%clk 0:01:39]} 46. Qh6 {[%clk 0:02:00]} Rg8
{[%clk 0:00:32]} 47. e8=Q {[%clk 0:02:14]} Rxe8 {[%clk 0:00:31]} 48. Rxe8+
{[%clk 0:02:41]} Qxe8 {[%clk 0:00:59]} 49. Qg7# {[%clk 0:03:09]} 1-0